Computer arts
Αποθηκεύτηκε σε:
| Μορφή: | Περιοδική έκδοση |
|---|---|
| Γλώσσα: | English |
| Δημοσίευση: |
Bath :
Future Publishing,
1995-
|
| Θέματα: | |
| Ετικέτες: |
Προσθήκη ετικέτας
Δεν υπάρχουν, Καταχωρήστε ετικέτα πρώτοι!
|
MARC
| LEADER | 00000nas a2200000 i 4500 | ||
|---|---|---|---|
| 001 | 1/37393 | ||
| 008 | 030623c19959999uk eng d | ||
| 022 | |a 13605372 | ||
| 035 | |l 10070246 | ||
| 040 | |a GR-MY-UA |b gre |e aacr | ||
| 041 | 0 | |a eng | |
| 082 | 0 | |a 006.6 |2 (21) | |
| 245 | 1 | 0 | |a Computer arts |h [περιοδικό] |
| 260 | |a Bath : |b Future Publishing, |c 1995- | ||
| 300 | |a v.; |b εικ.; |c 28εκ.+ |e οπτικοί δίσκοι (4 3/4 ιν.) | ||
| 310 | |a Μηνιαίο | ||
| 500 | |a Τα CR-ROM έχουν τίτλο Computer arts interactive | ||
| 500 | |a Μερικά τεύχη συνοδεύονται από το περιοδικό Macromedia magazine και άλλα έντυπα | ||
| 650 | 0 | 0 | |a Computer drawing |x Periodicals. |
| 853 | |a INST |b LESVOS |c SER |h 006.6 | ||
| 922 | |a 1ΕΛΗ |b 200101 |c ΤΜΗΜΑ ΠΟΛΙΤΙΣΜΙΚΗΣ ΤΕΧΝΟΛΟΓΙΑΣ ΚΑΙ ΕΠΙΚΟΙΝΩΝΙΑΣ |d MAPPING HELLAS | ||
| 970 | |a ΤΖΑΦΕΡΗ |b ΕΥΑΓΓΕΛΙΑ |z 2003/06/23 | ||